Inland Fisheries in Africa: (Record no. 1379)
[ view plain ]
| 000 -LEADER | |
|---|---|
| fixed length control field | 00799nam a22001697a 4500 |
| 005 - DATE AND TIME OF LATEST TRANSACTION | |
| control field | 20240705141421.0 |
| 008 - FIXED-LENGTH DATA ELEMENTS--GENERAL INFORMATION | |
| fixed length control field | 240705b |||||||| |||| 00| 0 eng d |
| 040 ## - CATALOGING SOURCE | |
| Original cataloging agency | KMU |
| Transcribing agency | KMU |
| Modifying agency | KMU |
| Description conventions | rda |
| 050 ## - LIBRARY OF CONGRESS CALL NUMBER | |
| Classification number | Sh 311 |
| 111 ## - MAIN ENTRY--MEETING NAME | |
| Meeting name or jurisdiction name as entry element | NEPAD/WorldFish Center |
| Location of meeting | Abjuja,Nigeria |
| Date of meeting or treaty signing | 22-25 August,2005 |
| Subordinate unit | WorldFish Centrer |
| 245 ## - TITLE STATEMENT | |
| Title | Inland Fisheries in Africa: |
| Remainder of title | Key Issues and Future Opportunities for sustainable Development/ |
| Statement of responsibility, etc. | NEPAD and WorlFish Center |
| 260 ## - PUBLICATION, DISTRIBUTION, ETC. | |
| Place of publication, distribution, etc. | Abuja: |
| Date of publication, distribution, etc. | 2005 |
| 300 ## - PHYSICAL DESCRIPTION | |
| Extent | 73 p.: |
| Other physical details | ill.; |
| Dimensions | 29cm |
| 490 ## - SERIES STATEMENT | |
| Series statement | Technical Review paper-Inland Fisheries |
| Volume/sequential designation | NEPAD-Fish for all summit |
| 611 ## - SUBJECT ADDED ENTRY--MEETING NAME | |
| Meeting name or jurisdiction name as entry element | NEPAD |
| Location of meeting | 22-25 August,2005 |
| Subordinate unit | WorldFish Center |
| Title of a work | Inland Fisheries in Africa:Key Issues and Future Opportunities for sustainable Development/ |
| Form subdivision | Fisheries |
| General subdivision | Aquaculture |
| Chronological subdivision | Fish for all |
| Geographic subdivision | Africa |
| 942 ## - ADDED ENTRY ELEMENTS (KOHA) | |
| Source of classification or shelving scheme | Library of Congress Classification |
| Koha item type | Serials |
| Suppress in OPAC | No |
| Withdrawn status | Lost status | Source of classification or shelving scheme | Damaged status | Not for loan | Collection | Home library | Current library | Shelving location | Date acquired | Source of acquisition | Total Checkouts | Full call number | Barcode | Date last seen | Price effective from | Koha item type |
|---|---|---|---|---|---|---|---|---|---|---|---|---|---|---|---|---|
| Library of Congress Classification | Non-fiction | Kapasa Makasa University | Kapasa Makasa University | Special Collection | 05.07.2024 | Donation | Sh 311 Inl | 742422 | 05.07.2024 | 05.07.2024 | Serials |